000
00243nam a2200097Ia 4500
001
640218
005
20250826153443.0
008
250824s9999 xx 000 0 und d
245
0
_a
5 Kuzeydeki Büyücü
_c
John Flanagan
260
_b
BEYAZ BALİNA
999
_c
640218
_d
640218